00392nam a2200145Ia 450000500170000000800410001702000150005808200130007310000130008624500650009926000390016430000190020365000120022265000120023420250203023924.0240331s9999 xx 000 0 und d a8185229414 bGUPa954 aGupta, M 0aDefying death :bstruggles against imperialism and feudalism aNew DelhibTulika Publishersc2001 aviii, 283 p ., aSociety aHistory